Théorie des algèbres de Banach et des algèbres localement convexes /

Guardado en:
Autor Principal: Waelbroeck, Lucien.
Formato: Libro
Idioma:French
Publicado: Montréal : Les Presses de l'Université de Montréal, 1967.
Edición:2e éd. multigraphiée, rev. et corr.
Series:Séminaire de mathématiques supérieures ; 2
Etiquetas: Agregar Etiqueta
Sin Etiquetas, Sea el primero en etiquetar este registro!
LEADER 00868nam a22001935 4500
001 MAT.inmabb001907
008 040102s1967####quc###########000#0#fre#d
005 20170622162430.0
245 1 0 |a Théorie des algèbres de Banach et des algèbres localement convexes /  |c par Lucien Waelbroeck. 
250 |a 2e éd. multigraphiée, rev. et corr. 
260 |a Montréal :  |b Les Presses de l'Université de Montréal,  |c 1967. 
300 |a 147 p. ;  |c 28 cm. 
440 0 |a Séminaire de mathématiques supérieures ;  |v 2 
500 |a "Notes du cours donné ... à la 1re session du Séminaire de mathématiques supérieures de l'Université de Montréal, tenue l'été 1962." 
500 |a Cab. de portada: Université de Montréal. Département de mathématiques. 
510 4 |a MR,  |c 41 #824 
100 1 |a Waelbroeck, Lucien. 
084 |a 46.50  |2 MR 
859 |h 46  |i W127  |p A-3182  |b BIB. MATEMATICA